| 000 | 00620nam a22002177a 4500 | ||
|---|---|---|---|
| 005 | 20240212114947.0 | ||
| 008 | 190727b xxu||||| |||| 00| 0 eng d | ||
| 020 |
_a9788183163415 _cRs. 800.00 |
||
| 040 | _aLoreto College | ||
| 041 | _aEnglish | ||
| 082 |
_a371.102 _bMAT-JAM |
||
| 100 | _aJames, Anice | ||
| 245 |
_aMethods of teaching mathematics _cAnice James |
||
| 260 |
_aNew Delhi _bNeelkamal Publications _c2012 |
||
| 300 |
_a432 p. _b24 cm. |
||
| 500 | _aU.G.C - M.R.P 2017-19(Dr.Ranjita Dawn) | ||
| 504 | _aIncludes index | ||
| 650 | _aTeachings of Mathematics | ||
| 850 | _aLCBED | ||
| 942 | _cBK | ||
| 999 |
_c42291 _d92770 |
||